[Event "FRA-chT Top 12 2019"]
[Site "Brest"]
[Date "2019.05.20"]
[Round "3.7"]
[White "Philippe, Christophe"]
[Black "Vaugeois, Cyrille"]
[Result "1-0"]
[WhiteElo "2378"]
[BlackElo "2146"]
[Annotator "TA"]
[PlyCount "59"]
[EventDate "2019.05.18"]
[EventType "team-tourn"]
[EventCountry "FRA"]
[SourceTitle "playchess.com"]
[Source "ChessBase"]
[SourceQuality "1"]

{[%evp 11,59,16,11,17,18,10,6,2,26,18,36,42,42,40,36,38,36,39,32,43,43,35,59,20,52,15,45,47,59,48,29,18,20,37,47,45,85,0,0,0,57,36,30,43,159,0,412,416,918,910]} 1. e4 g6 2. d4 Bg7 3. Nc3 d6 4. Be3 a6 5. Qd2 b5 6. Bd3 Nd7 7. a4 {B06: Modern Defence} b4 8. Nce2 c5 9. c3 {The position is equal.} (9. Nf3 Bb7 10. h3 Ngf6 11. Ng3 cxd4 12. Bxd4 e5 13. Be3 Qa5 14. Bc4 Qc7 {0-1 (41) Plat,V (2569)-Kobo,O (2477) chess.com INT 2018}) 9... bxc3 10. bxc3 Qa5 11. Nf3 Ngf6 12. O-O Bb7 13. d5 $146 ({Predecessor:} 13. e5 dxe5 14. dxe5 Ng4 {0-1 (34) Caroff,F (2107)-Piasetski,L (2303) Sautron 2010}) 13... O-O 14. Bh6 Rfb8 15. Bxg7 Kxg7 16. Ng3 Bc8 17. Rfc1 Ra7 18. h4 h6 19. h5 Ng4 20. hxg6 fxg6 21. Nh4 {[#] Hoping for Nxg6!} Nde5 22. Be2 $36 {[%mdl 2048] Black is under pressure.} Rab7 23. f4 Rb2 24. Rc2 ({White should try} 24. Qd1 $16) 24... Rxc2 $11 25. Qxc2 {[#] And now Bxg4 would win.} Ne3 (25... c4 $1 $11 26. fxe5 Qb6+ 27. Kh1 Qf2) 26. Qc1 N5g4 $1 27. f5 {Threatens to win with Nf1.} Rb3 (27... g5 $14 28. Ng6 c4) 28. Bxg4 $2 ({But not} 28. Nxg6 $6 Rxc3 29. Qd2 Qb4 $14) ({White must play} 28. fxg6 $16 {Bxg4 is the strong threat.} c4 29. Bxg4 Nxg4 30. Ne2 (30. Qf4 Qb6+ 31. Kf1 Nh2+ 32. Ke2 Rb2+ 33. Ke1 Rb1+ 34. Rxb1 Qxb1+ 35. Kf2 Qb6+ 36. Ke1 Qb1+ 37. Kf2 Ng4+ 38. Ke2 Qd3+ {[%mdl 64] Double Attack} 39. Ke1 Qxc3+ 40. Kf1 Qd3+ 41. Ke1 Qc3+ 42. Kf1 Qd3+ 43. Ke1 Qc3+ $11)) 28... Rxc3 $2 {[%mdl 8192]} (28... Nxg4 $11 {and Black is okay.} 29. fxg6 (29. Nxg6 Qxc3 30. Qxc3+ Rxc3 $15) 29... Qxc3 30. Nh5+ Kg8 31. Qxc3 Rxc3) 29. Qb2 $18 Nc4 (29... Qb4 $142 30. Qe2 Nxg4 31. Qxg4 Qd4+ 32. Kh2 Rxg3 33. Qxg3 (33. Kxg3 Qxa1 34. Qxg6+ Kf8 $16) 33... Qxa1) 30. Qf2 {Accuracy: White = 65%, Black = 43%.} 1-0

[Event "FRA-chT Top 12 2019"]
[Site "Brest"]
[Date "2019.05.20"]
[Round "3.7"]
[White "Bressac, Stephane"]
[Black "Gurevich, Mikhail"]
[Result "0-1"]
[WhiteElo "2358"]
[BlackElo "2566"]
[Annotator "TA"]
[PlyCount "76"]
[EventDate "2019.05.18"]
[EventType "team-tourn"]
[EventCountry "FRA"]
[SourceTitle "playchess.com"]
[Source "ChessBase"]
[SourceQuality "1"]

{[%evp 18,76,15,0,2,-14,-14,-20,-15,-24,-25,-23,-18,-35,-41,-97,-100,-97,-102,-104,-96,-110,-82,-131,-118,-137,-122,-131,-108,-108,-108,-114,-107,-109,-114,-190,-191,-187,-190,-234,-200,-220,-218,-391,-391,-378,-375,-355,-355,-382,-358,-455,-436,-449,-443,-639,-660,-599,-556,-484,-456]} 1. e4 d6 2. d4 g6 3. Nc3 Bg7 4. g3 Nf6 5. Bg2 O-O 6. Nge2 e5 7. O-O c6 8. a4 a5 9. h3 Na6 10. Be3 Re8 {B07: Pirc Defence: Miscellaneous Systems} (10... Nb4 11. Re1 d5 12. dxe5 Nxe4 13. Nxe4 dxe4 14. Bxe4 Bxe5 15. c3 Nd5 16. Bxd5 cxd5 17. Nf4 Re8 18. Qf3 Bxf4 19. Qxf4 Bxh3 {1-0 (57) Oparin,G (2624)-Yuffa,D (2595) Sochi 2019}) 11. dxe5 $146 ({Predecessor:} 11. Qd2 Nb4 12. f4 exd4 13. Bxd4 d5 14. e5 Nd7 15. g4 b6 16. Ng3 Ba6 17. Rfe1 Qc7 18. Bf2 {1-0 (55) Lazic,M (2467)-Ozen,B (2368) Novi Sad 2016}) 11... dxe5 12. Qxd8 Rxd8 {The position is equal.} 13. Rad1 Be6 14. Bb6 Rxd1 15. Rxd1 Nb4 16. Rd8+ (16. Rd2 $15) 16... Rxd8 $17 17. Bxd8 Nxc2 18. Bxa5 Nd7 {Hoping for ...b6.} 19. Bc7 Bf8 20. f4 Bc5+ 21. Kh2 f6 22. Nc1 Nb4 23. Bf1 Be3 24. Nd3 Nxd3 25. Bxd3 Bc1 26. a5 (26. Nd1 $17 {was worth a try.}) 26... Bxb2 $19 27. Na4 Bd4 28. Nb6 Nc5 29. Bc2 Kf7 30. f5 $2 (30. Bd6) 30... Bb3 31. Bxb3+ Nxb3 {[%mdl 4096] Endgame KBN-KBN} 32. Nc4 {[#]} Nc5 $1 33. Kg2 Nxe4 34. fxg6+ hxg6 {Black is clearly winning.} 35. Kf3 Ng5+ 36. Kg4 (36. Kg2 $142 Ke6 37. g4) 36... Ke6 37. h4 Nf7 38. Kf3 Kd5 {Accuracy: White = 39%, Black = 83%.} 0-1

[Event "FRA-chT Top 12 2019"]
[Site "Brest"]
[Date "2019.05.20"]
[Round "3.8"]
[White "Skripchenko, Almira"]
[Black "Gras, Delphine"]
[Result "1-0"]
[WhiteElo "2406"]
[BlackElo "1835"]
[Annotator "TA"]
[PlyCount "79"]
[EventDate "2019.05.18"]
[EventType "team-tourn"]
[EventCountry "FRA"]
[SourceTitle "playchess.com"]
[Source "ChessBase"]
[SourceQuality "1"]

{[%evp 17,79,12,17,-5,0,-45,0,-22,0,-30,-18,-14,0,0,0,0,0,0,0,-11,28,8,22,20,87,87,70,78,88,71,63,73,69,54,77,50,45,45,47,68,49,47,50,46,49,56,51,33,78,39,115,104,119,129,123,148,198,202,201,199,559,558,689,675]} 1. Nf3 d5 2. g3 Nf6 3. Bg2 e6 4. O-O Be7 5. d3 O-O 6. Nbd2 Nbd7 7. e4 dxe4 8. dxe4 e5 9. Re1 c6 10. Nh4 {A07: Réti Opening: New York and Capablanca Systems} (10. Nc4 Qc7 11. a4 Re8 12. Bd2 b6 13. Bc3 Bf8 14. Bf1 b5 15. Ba5 Qb8 16. axb5 cxb5 17. Ne3 Nc5 {½-½ (95) Guichard,P (2312)-Maisuradze,N (2260) Chartres 2017}) 10... g6 11. Nc4 Qc7 (11... b5 $5 {[%cal Rb5c4]} 12. Ne3 Qc7 $15) 12. Bg5 $146 {The position is equal.} ({Predecessor:} 12. f4 b5 13. Na3 Nb6 14. f5 b4 15. Nb1 c5 16. Nd2 Bb7 17. Qe2 c4 {0-1 (41) Pape,M (2082)-Rust,S (2081) Bockenem 1999}) 12... Nc5 13. Qf3 Bg4 14. Qe3 Be6 15. Bxf6 Bxc4 16. Bxe7 Qxe7 17. Qc3 $36 {[%mdl 2048] Black is under pressure.} Ba6 18. a4 Nd7 19. b4 b6 20. Bh3 Rfd8 (20... Nf6 $11) 21. Nf3 $16 f6 22. Qxc6 {b5 is the strong threat.} Nf8 23. Qc3 (23. a5 {keeps more tension.} Bb7 24. Qc4+ Kg7 25. Bf1 Ne6 26. c3) 23... Bc8 24. Bf1 Be6 25. Ba6 Rd7 26. a5 Rc7 27. Qb2 b5 28. Bxb5 Rb8 29. Bd3 Rxb4 30. Qa3 Qc5 31. Nd2 Nd7 32. Kg2 f5 33. a6 Nf6 {[#]} ({Black should play} 33... Kg7 $14) 34. Rab1 $1 Rxb1 35. Qxc5 Rxc5 36. Rxb1 {And now Rb7 would win.} fxe4 37. Nxe4 Nxe4 38. Bxe4 {Threatens to win with Rb7. KRB-KRB} Bc8 $2 {[#]} (38... Rc7 39. Rb7 Rf7) 39. Rb7 $1 $18 {[%mdl 512]} Ra5 (39... Bxb7 40. axb7) 40. Rb8 {Accuracy: White = 66%, Black = 32%.} 1-0

[Event "FRA-chT Top 12 2019"]
[Site "Brest"]
[Date "2019.05.20"]
[Round "3.8"]
[White "Riff, Vincent"]
[Black "Delorme, Axel"]
[Result "1/2-1/2"]
[WhiteElo "2399"]
[BlackElo "2489"]
[Annotator "TA"]
[PlyCount "76"]
[EventDate "2019.05.18"]
[EventType "team-tourn"]
[EventCountry "FRA"]
[SourceTitle "playchess.com"]
[Source "ChessBase"]
[SourceQuality "1"]

{[%evp 10,76,31,16,24,16,22,22,24,16,22,15,16,17,32,33,47,21,31,8,25,0,34,-33,20,10,25,0,17,-2,-8,-8,-11,-6,-3,-43,-6,-25,-20,-31,-16,-21,-18,-15,0,-6,0,-16,-25,-49,0,0,18,18,37,0,56,0,17,17,14,8,18,24,56,56,56,11,11]} 1. d4 Nf6 2. Nf3 $146 ({Predecessor:} 2. c4 e6 {½-½ (11) Cvitan,O (2535)-Palac,M (2554) Porec 2014}) 2... e6 3. c4 Bb4+ 4. Bd2 Qe7 5. g3 Bxd2+ 6. Qxd2 Nc6 {E11: Bogo-Indian} 7. Nc3 d5 8. cxd5 exd5 9. Bg2 O-O 10. O-O Bf5 11. Rac1 a6 12. Rfd1 Na7 13. Ne5 c6 14. Na4 Nb5 15. e3 h5 16. h3 (16. f3 $14) 16... Rfe8 ({Black should play} 16... h4 $15) 17. Nc5 $11 Nd6 18. Qe2 g6 19. g4 hxg4 20. hxg4 Be6 21. f3 Kg7 22. Qf2 Nd7 (22... Rh8 {seems wilder.} 23. Qg3 Rae8 24. b3 Nh7 25. f4 Nf6) 23. Qg3 Nxe5 24. Qxe5+ f6 25. Qg3 Rad8 26. Re1 Bf7 27. b3 g5 28. Rcd1 Bg6 29. a4 f5 30. Bh3 fxg4 31. Bxg4 {Strongly threatening Ne6+.} Qf7 32. Rd2 Re7 (32... b6 $11 33. Nd3 (33. Nxa6 Qa7 $17) 33... Bxd3 34. Rxd3 Qg6) 33. Rh2 (33. a5 $14) 33... Nf5 34. Bxf5 Qxf5 35. Rg2 Rf8 36. a5 Qxf3 37. Qxg5 {[%mdl 64] [#] Double Attack} Qf6 38. Qxf6+ Rxf6 {Accuracy: White = 43%, Black = 40%.} 1/2-1/2

[Event "FRA-chT Top 12 2019"]
[Site "Brest"]
[Date "2019.05.20"]
[Round "3.8"]
[White "Nelis, Jean-Francois"]
[Black "Le Roux, Jean-Pierre"]
[Result "0-1"]
[WhiteElo "2149"]
[BlackElo "2539"]
[Annotator "RC"]
[PlyCount "58"]
[EventDate "2019.05.18"]
[EventType "team-tourn"]
[EventCountry "FRA"]
[SourceTitle "playchess.com"]
[Source "ChessBase"]
[SourceQuality "1"]
[TimeControl "40/5400+30:1800+30"]

1. e4 {[%emt 0:00:00]} g6 {[%emt 0:00:00]} 2. d4 {[%emt 0:00:00]} Bg7 {[%emt 0:00:00]} 3. Nc3 {[%emt 0:00:34]} a6 {[%emt 0:01:36]} 4. Be3 {[%emt 0:05:36]} b5 {[%emt 0:00:34]} 5. a3 {[%emt 0:05:24]} d6 {[%emt 0:01:51]} 6. f4 {[%emt 0:00:45]} Nd7 {[%emt 0:03:19]} 7. Be2 {[%emt 0:03:35]} Bb7 {[%emt 0:04:35]} 8. Bf3 {[%emt 0:00:32]} e5 {[%emt 0:01:13]} 9. dxe5 {[%emt 0:06:16]} dxe5 {[%emt 0:00:11]} 10. f5 {[%emt 0:00:47]} gxf5 {[%emt 0:08:13]} 11. exf5 {[%emt 0:00:18]} e4 {[%emt 0:00:11]} 12. Be2 {[%emt 0:01:48]} Bh6 {[%emt 0:19:49]} 13. Qd4 {[%emt 0:11:35]} Qf6 {[%emt 0:14:38]} 14. Qxf6 {[%emt 0:16:47]} Ndxf6 {[%emt 0:00:12]} 15. Kf2 {[%emt 0:00:40]} Bxe3+ {[%emt 0:04:10]} 16. Kxe3 {[%emt 0:00:02]} Ne7 {[%emt 0:01:05]} 17. Nh3 {[%emt 0:19:08]} Rg8 {[%emt 0:03:24]} 18. g4 {[%emt 0:04:08]} Nxg4+ {[%emt 0:00:26]} 19. Bxg4 {[%emt 0:00:07]} Rxg4 {[%emt 0:00:05]} 20. Raf1 {[%emt 0:01:27]} Rh4 {[%emt 0:03:56]} 21. Ng5 {[%emt 0:05:00]} h6 {[%emt 0:00:13]} 22. Ngxe4 {[%emt 0:03:01]} Bxe4 {[%emt 0:00:15]} 23. Nxe4 {[%emt 0:00:17]} Nd5+ {[%emt 0:00:03]} 24. Kd3 {[%emt 0:09:24]} O-O-O {[%emt 0:00:09]} 25. Ng3 {[%emt 0:00:41]} Rc4 {[%emt 0:02:47]} 26. Rc1 {[%emt 0:03:50]} h5 {[%emt 0:01:18]} 27. Ke2 {[%emt 0:00:56]} Re8+ {[%emt 0:02:41]} 28. Kf2 {[%emt 0:00:37]} Rf4+ {[%emt 0:00:16]} 29. Kg2 {[%emt 0:00:26]} h4 {[%emt 0:00:33]} 0-1

[Event "FRA-chT Top 12 2019"]
[Site "Brest"]
[Date "2019.05.20"]
[Round "3.8"]
[White "De Seroux, Camille"]
[Black "Monpeurt, Cyrielle"]
[Result "0-1"]
[WhiteElo "2143"]
[BlackElo "2166"]
[Annotator "TA"]
[PlyCount "90"]
[EventDate "2019.05.18"]
[EventType "team-tourn"]
[EventCountry "FRA"]
[SourceTitle "playchess.com"]
[Source "ChessBase"]
[SourceQuality "1"]

{[%evp 16,98,0,-1,8,0,0,0,68,35,41,29,46,20,66,0,43,35,78,111,89,95,120,87,118,121,185,120,130,85,170,101,97,63,53,22,79,0,0,0,0,0,0,-25,0,0,0,-162,-121,-203,-193,-236,-240,-235,-242,-224,-233,-265,-211,-315,-306,-366,-360,-573,-573,-29988,-846,-826,-828,-820,-784,-1032,-1031,-5252,-6347,-29978,-29979,-29981,-29982,-29982,-29983,-29986,-29987,-29984,-29971]} 1. e4 e6 2. d4 c5 3. Nf3 cxd4 4. Nxd4 Nc6 5. Nc3 Nf6 6. Nxc6 bxc6 7. Bd3 d5 8. O-O Be7 9. Qe2 Bb7 {B40: Sicilian: 2...e6, Unusual lines} (9... O-O 10. b3 Bb7 11. Bb2 c5 12. Rad1 Qc7 13. Nb5 Qb6 14. e5 Nd7 15. c4 d4 16. f4 g6 17. Be4 Bxe4 18. Qxe4 {1-0 (61) Pichot,A (2544)-Tregubov,P (2585) Doha 2016}) 10. b3 Qc7 11. Bb2 d4 $146 (11... O-O $11) ({Predecessor:} 11... O-O 12. Na4 dxe4 13. Bxe4 Nxe4 14. Qxe4 Rfd8 15. Rad1 Rd5 16. c4 Rh5 17. f4 c5 18. Qe3 Rh6 19. Qe5 Qxe5 20. Bxe5 {½-½ (47) Barthel,A (2121)-Huber,B (2034) Bad Homburg 2018}) 12. Nb1 c5 13. Nd2 Bd6 14. h3 Nd7 15. Qg4 (15. c3 $14) 15... h5 16. Qe2 ({But not} 16. Qxg7 $2 Be5 $19) 16... Kf8 17. c3 dxc3 18. Bxc3 Ne5 19. Nc4 Nxd3 20. Qxd3 Bh2+ 21. Kh1 {And now g3 would win.} Bf4 22. Rad1 Ba6 (22... Kg8 $16) 23. Bb2 (23. Qf3 $18 Bxc4 24. bxc4) 23... Rh6 24. Ba3 Kg8 25. Qd7 Rc8 (25... Qxd7 $11 {remains equal.} 26. Rxd7 Bb5) 26. Rfe1 (26. Qxc7 $16 Bxc7 27. Rd7 (27. Bxc5 Bxc4 28. bxc4 Bb6 $14)) 26... Bxc4 $11 27. bxc4 Be5 28. Qxc7 Rxc7 29. Rd8+ Kh7 30. Rb1 Bd4 31. f3 $2 {[#]} (31. Rbb8 $11 {and White has nothing to worry.}) 31... e5 $1 $19 32. Rb3 (32. Rb5 $17) 32... Ra6 33. g3 Ra4 34. f4 exf4 ({Don't play} 34... Rxc4 35. f5 $17) 35. gxf4 Rxc4 36. Rbb8 Kg6 37. Rd6+ (37. Rd5 $142) 37... f6 38. e5 Kf5 39. e6 (39. exf6 {was called for.} gxf6 40. Rd5+ Kxf4 41. Rb1) 39... Re7 40. Ra8 Rxe6 (40... Rb7 $142 41. Rdd8 Rb1+ 42. Kg2 Kxf4 43. Rxd4+ Rxd4 44. Rd8 Rxd8 45. Bxc5 Rd2+ {[%mdl 64] Double Attack} 46. Bf2 Rbb2 47. Kg1 Rxf2 48. e7 Rfe2 49. Kf1 Kf3 50. h4 Rb1#) 41. Rxe6 Kxe6 42. Rxa7 {[%mdl 4096] Endgame KRB-KRB} g6 43. Rb7 Ra4 44. Bb2 Rxa2 45. Rb6+ {[#]} Kd5 {Played: Ke6-f5} 0-1

[Event "FRA-chT Top 12 2019"]
[Site "Brest"]
[Date "2019.05.20"]
[Round "3.8"]
[White "Haussernot, Cecile"]
[Black "Bolon, Karelle"]
[Result "1-0"]
[WhiteElo "2097"]
[BlackElo "2018"]
[Annotator "NA RC"]
[PlyCount "83"]
[EventDate "2019.05.18"]
[EventType "team-tourn"]
[EventCountry "FRA"]
[SourceTitle "playchess.com"]
[Source "ChessBase"]
[SourceQuality "1"]
[TimeControl "40/5400+30:1800+30"]

1. e4 {[%emt 0:00:00]} e6 {[%emt 0:00:00]} 2. d3 {[%emt 0:00:00]} d5 {[%emt 0:01:03]} 3. Nd2 {[%emt 0:00:00]} c5 {[%emt 0:02:37]} 4. g3 {[%emt 0:00:15]} Bd6 {[%emt 0:01:05]} 5. Bg2 {[%emt 0:00:10]} Ne7 {[%emt 0:01:06]} 6. Ngf3 {[%emt 0:00:34]} Nbc6 {[%emt 0:00:43]} 7. O-O {[%emt 0:00:31]} b6 {[%emt 0:06:57]} 8. Re1 {[%emt 0:00:19] A08: King's Indian Attack} (8. Nh4 Bb7 9. f4 Qd7 10. c3 Bc7 11. e5 O-O-O 12. Ndf3 d4 13. c4 f6 14. exf6 gxf6 15. Bd2 Ng6 {½-½ (48) Nevednichy,V (2566)-Navara,D (2647) Warsaw 2005}) 8... Qc7 {[%emt 0:04:24]} 9. Qe2 {[%emt 0:00:52]} Qd7 {[%emt 0:03:38]} 10. e5 $146 {[%emt 0:02:30]} ({Predecessor:} 10. b3 Bb7 11. Bb2 d4 12. a4 e5 13. Nc4 O-O 14. Nh4 Ba6 15. Nf5 Bxc4 16. bxc4 {1-0 (28) Lenic,L (2257)-Papargiriou,A Heraklio 2002}) 10... Bc7 {[%emt 0:00:22]} 11. Nf1 {[%emt 0:02:21]} Bb7 {[%emt 0:01:54]} 12. c3 {[%emt 0:05:40]} h6 {[%emt 0:03:50]} 13. Bd2 {[%emt 0:08:22]} g5 {[%emt 0:01:37]} (13... a5 $15) 14. h3 {[%emt 0:00:55]} Ng6 {[%emt 0:00:48]} (14... d4 $11 {remains equal.}) 15. d4 {[%emt 0:00:16]} a5 {[%emt 0:02:59]} 16. N1h2 {[%emt 0:01:16]} Ba6 {[%emt 0:04:04]} 17. Qe3 {[%emt 0:00:51]} Nce7 {[%emt 0:02:45]} 18. Bc1 {[%emt 0:03:55]} Nf5 {[%emt 0:01:58]} 19. Qd2 {[%emt 0:00:05]} O-O-O {[%emt 0:12:56]} (19... Bd8 $14) 20. Ng4 {[%emt 0:00:30]} c4 {[%emt 0:10:30]} 21. Nf6 {[%emt 0:00:49]} Qc6 {[%emt 0:01:23]} 22. b3 $16 {[%emt 0:00:53]} Ng7 {[%emt 0:03:39]} 23. Qc2 {[%emt 0:03:27]} Ne8 {[%emt 0:03:44]} 24. Nh5 {[%emt 0:02:44]} Kb8 {[%emt 0:01:05]} 25. Nd2 {[%emt 0:02:50]} cxb3 {[%emt 0:08:30]} 26. axb3 {[%emt 0:00:51]} Rc8 {[%emt 0:01:36]} 27. b4 {[%emt 0:06:19]} Bd8 {[%emt 0:01:42]} 28. Bb2 {[%emt 0:02:51]} Bc4 {[%emt 0:04:49]} 29. bxa5 {[%emt 0:01:11]} bxa5 {[%emt 0:01:14]} 30. Nxc4 {[%emt 0:05:57]} Qxc4 {[%emt 0:00:16]} 31. Ra4 {[%emt 0:00:25]} Qc6 {[%emt 0:02:48]} 32. c4 {[%emt 0:01:01]} Bb6 {[%emt 0:03:28]} 33. Bc3 {[%emt 0:00:45]} Rc7 {[%emt 0:03:17]} 34. c5 {[%emt 0:06:24]} Bxc5 {[%emt 0:01:54]} 35. dxc5 {[%emt 0:00:35]} Qxc5 {[%emt 0:00:11]} 36. Rb1+ {[%emt 0:01:32]} Kc8 {[%emt 0:00:36]} 37. Rc1 {[%emt 0:01:28]} Kd7 {[%emt 0:02:21]} 38. Rxa5 {[%emt 0:00:48]} Qe7 {[%emt 0:00:33]} 39. Qa4+ {[%emt 0:00:11]} Rc6 {[%emt 0:00:32]} 40. Bb4 {[%emt 0:00:12]} Qxb4 {[%emt 0:00:29]} 41. Ra7+ {[%emt 0:30:18]} Nc7 {[%emt 0:30:26]} 42. Qxc6+ {[%emt 0:00:15]} 1-0

[Event "FRA-chT Top 12 2019"]
[Site "Brest"]
[Date "2019.05.20"]
[Round "3.8"]
[White "Fruteau, Sabine"]
[Black "Thomas, Anysia"]
[Result "0-1"]
[WhiteElo "2015"]
[BlackElo "2178"]
[Annotator "TA"]
[PlyCount "66"]
[EventDate "2019.05.18"]
[EventType "team-tourn"]
[EventCountry "FRA"]
[SourceTitle "playchess.com"]
[Source "ChessBase"]
[SourceQuality "1"]

{[%evp 9,66,0,1,-12,-13,-20,-12,0,-2,-18,0,0,-14,-56,-10,-12,7,0,0,0,0,0,0,0,-13,-3,-4,-16,-8,-13,0,-41,-12,-14,-13,-12,-19,-19,-10,-22,0,-177,-164,-166,-168,-214,-214,-224,-214,-870,-870,-607,-867,-862,-862,-826,-807,-744,-731]} 1. e4 c5 2. Nf3 g6 3. d4 cxd4 4. Qxd4 Nf6 5. c4 (5. e5 Nc6 6. Qa4 Nd5 7. Qe4 Nb6 8. Nc3 Bg7 9. Bf4 d5 10. exd6 Bf5 11. dxe7 Qd7 12. Qe3 Nb4 13. Rc1 Nxc2+ 14. Rxc2 Bxc2 15. Bb5 Bxc3+ 16. Qxc3 Qxb5 17. Qxh8+ Kxe7 {½-½ (22) Ortiz Suarez,I (2548)-Guseinov,G (2654) Barbera del Valles 2018}) 5... Nc6 6. Qd3 {B27: Sicilian: 2 Nf3, unusual Black 2nd moves} Bg7 7. Nc3 O-O 8. Be2 {The position is equal.} d6 9. O-O Bg4 10. Rb1 Nd7 11. h3 $146 ({Predecessor:} 11. Bf4 Rc8 12. Qe3 Qa5 {½-½ (30) Franco Valencia,A (2188)-Milliet,S (2389) Batumi 2018}) 11... Nde5 (11... Bxf3 $5 12. Qxf3 Nd4 $11) 12. Nxe5 Nxe5 13. Qd1 Bxe2 14. Qxe2 Rc8 15. b3 Nxc4 16. bxc4 {[#] Black must now prevent Nd5.} Bxc3 17. Rxb7 Rc7 18. Rb3 Bg7 19. Be3 Qc8 20. Ra3 Qe6 21. Rxa7 Rxa7 22. Bxa7 Ra8 $36 {[%mdl 2048] White is under pressure.} 23. Bb6 d5 24. c5 dxe4 25. a4 $2 (25. Qb5 $1 $11 {and White has nothing to worry.}) 25... Rxa4 $19 26. Qb5 {[#]} Rc4 $1 27. Re1 Be5 28. Rd1 Kg7 29. g3 $2 (29. Kf1) 29... e3 {( -> ...exf2+). Black is clearly winning.} 30. c6 e2 31. Re1 Bc3 32. Ba5 Bxe1 33. Bxe1 Rxc6 {Accuracy: White = 45%, Black = 80%.} 0-1

[Event "FRA-chT Top 12 2019"]
[Site "Brest"]
[Date "2019.05.21"]
[Round "4.1"]
[White "Vachier-Lagrave, Maxime"]
[Black "Amin, Bassem"]
[Result "1-0"]
[WhiteElo "2780"]
[BlackElo "2704"]
[Annotator "TA"]
[PlyCount "77"]
[EventDate "2019.05.18"]
[EventType "team-tourn"]
[EventCountry "FRA"]
[SourceTitle "playchess.com"]
[Source "ChessBase"]
[SourceQuality "1"]

{[%evp 32,83,16,12,18,18,20,18,26,14,35,18,25,16,27,35,45,41,23,27,26,29,34,31,29,21,47,50,69,70,112,117,100,110,159,135,293,300,446,442,445,463,442,427,814,825,834,827,745,809,754,723,784,716]} 1. e4 e5 2. Nf3 Nc6 3. Bb5 a6 4. Ba4 Nf6 5. O-O Be7 6. Re1 b5 7. Bb3 d6 8. c3 O-O 9. h3 Nb8 10. d4 Nbd7 11. Nbd2 Bb7 12. Bc2 Re8 13. Nf1 Bf8 14. Ng3 g6 15. a4 c5 16. d5 c4 17. Bg5 Nc5 {C95: Closed Ruy Lopez: Breyer Variation with 10 d4} 18. Nh2 (18. Qd2 Be7 19. Ra3 Nfd7 20. Be3 Qc7 21. Rf1 Nb6 22. axb5 axb5 23. Rxa8 Rxa8 24. Nh2 Nbd7 25. Ng4 {1-0 (45) Navara,D (2733)-Vajda,L (2547) Slovakia 2019}) 18... h6 19. Be3 h5 {With the idea ...h4.The position is equal.} 20. Qf3 Nh7 $146 ({Predecessor:} 20... Nfd7 21. Nxh5 gxh5 22. Qxh5 Nf6 23. Qf3 Nfd7 24. Qg3+ Bg7 25. axb5 axb5 26. Rxa8 Bxa8 {1-0 (40) Kruis,R (2473)-Tomson,H (2402) ICCF email 2011}) 21. Qe2 Qc7 22. Ngf1 Rab8 23. Nd2 Bc8 24. axb5 axb5 25. f4 exf4 26. Bxf4 Nf6 27. Qf1 Nfd7 28. Nhf3 Bg7 29. Qf2 Rb6 30. Be3 Ra6 31. Rxa6 Bxa6 32. Bd4 Bf8 33. Rf1 Bh6 $2 (33... Bc8 $16 34. Ng5 Ne5) 34. g4 $18 hxg4 (34... Bc8 {was called for.} 35. gxh5 Nf8 36. hxg6 Nxg6) 35. Qh4 {[%mdl 64] [#] Double Attack. White is clearly winning.} gxf3 36. Qxh6 {[%csl Gd4][%cal Rh6h8]} Ne5 37. Nxf3 Ncd7 (37... Nxf3+ $142 38. Rxf3 Re5 39. Bxe5 dxe5) 38. Ng5 Nf8 {[#]} 39. h4 {Played: Ng5xf7} 1-0

[Event "FRA-chT Top 12 2019"]
[Site "Brest"]
[Date "2019.05.21"]
[Round "4.1"]
[White "Ragger, Markus"]
[Black "Donchenko, Alexander"]
[Result "1/2-1/2"]
[WhiteElo "2682"]
[BlackElo "2595"]
[Annotator "TA"]
[PlyCount "86"]
[EventDate "2019.05.18"]
[EventType "team-tourn"]
[EventCountry "FRA"]
[SourceTitle "playchess.com"]
[Source "ChessBase"]
[SourceQuality "1"]

{[%evp 10,86,21,19,24,15,23,17,27,35,29,18,45,40,38,37,40,49,35,50,36,40,49,36,35,45,53,33,47,54,59,46,47,30,28,30,40,38,33,59,32,18,18,18,18,18,18,18,18,18,18,18,18,18,18,8,8,8,18,18,18,18,18,18,18,18,18,0,18,18,18,18,18,0,18,18,18,0,18]} 1. e4 c6 2. Nf3 d5 3. Nc3 dxe4 4. Nxe4 Nf6 5. Qe2 Nxe4 6. Qxe4 Nd7 {B11: Caro-Kann: Two Knights Variation} (6... Qa5 7. Bd3 Na6 8. Qe5 Qxe5+ 9. Nxe5 Nb4 10. Be4 f6 11. c3 Nd5 12. Nf3 a5 13. d4 a4 14. Bd2 {½-½ (41) Adams,M (2703)-Howell,D (2696) London 2018}) 7. Bc4 {Threatens to win with Ng5!} Nf6 8. Ne5 {[%csl Ge5][%cal Rc4f7]} e6 9. Qe2 b5 10. Bd3 Qc7 11. a4 $146 ({Predecessor:} 11. b3 Bb7 12. Bb2 Bd6 13. O-O O-O 14. Rae1 {1-0 (24) Hansen,T (2406)-Kumar,N (2274) Reykjavik 2017}) 11... Bd6 {[#]} 12. Nxc6 $1 {[%mdl 512]} b4 ({Avoid the trap} 12... Qxc6 $2 13. Bxb5 Qd7 14. Bxd7+ $18) 13. Nd4 a6 14. Nf5 Be5 15. Nxg7+ Kf8 16. Nh5 Nxh5 $1 17. Qxh5 {Black must now prevent Be4.} Bb7 18. Be2 Bxg2 19. Rg1 Rg8 $1 20. d4 $1 {[%cal Rd4e5]} ({Inferior is} 20. Qxh7 Bxh2 21. Qxg8+ Kxg8 $17) 20... Bxh2 21. Qh6+ Ke8 22. Qxh7 Ke7 $1 23. Bh5 Raf8 (23... Bxg1 $2 {too greedy.} 24. Qxf7+ Kd8 25. Qxg8+ Kd7 26. Qg7+ Kc8 27. Qxg2 $18) 24. Bxf7 $1 Rh8 25. Bg5+ Kd6 {The position is equal.} 26. Qxh2+ {[%mdl 64] [#] Remove Defender, Decoy} Rxh2 27. Bf4+ {[%mdl 64] Double Attack} Kc6 28. Bxc7 Kxc7 29. Bg6 Bd5 30. b3 Rfxf2 {...Re2+ is the strong threat.} 31. O-O-O a5 32. Rdf1 Rxf1+ 33. Rxf1 Rh1 (33... Rg2 {seems wilder.} 34. Bf7 Be4 35. Bxe6 Rxc2+ 36. Kd1 Rc3) 34. Rxh1 Bxh1 $11 {[%mdl 4096] Endgame KB-KB} 35. Kd2 Kd6 36. Kd3 {Strongly threatening Be4.} Bb7 37. Bf7 Bg2 38. Bg6 Bb7 39. Bh7 Bg2 40. Kc4 Kc6 41. Kd3 {And now Be4+ would win.} Kd6 42. Bg8 Bb7 43. Bf7 Bg2 {Accuracy: White = 74%, Black = 81%.} 1/2-1/2